000 01194nam a22003617a 4500
003 CHAP
005 20220817042521.0
008 971013s1981 r 00010 d
010 _a46937
011 _a47909
035 _a52053
040 _cCHAP
090 _aFolleto 11012
100 0 0 _aPeña, Sergio de la.
_986869
245 _aCapitalismo en cuatro comunidades rurales
260 _aMéxico, D.F. :
_bSiglo XXI,
_c1981
300 _a166 p.
490 _aSociología y política
590 _aBATCH-UPD
_b10
_c20130109
_lUCH01
_h2331
590 _aBATCH-UPD
_b10
_c20130110
_lUCH01
_h1133
590 _aBATCH-UPD
_b10
_c20130409
_lUCH01
_h1856
590 _aBATCH-UPD
_b10
_c20130410
_lUCH01
_h0721
590 _aBATCH-UPD
_b10
_c20130914
_lUCH01
_h0840
590 _aCONVERSION
_b10
_c20130109
_lUCH01
_h1326
650 1 4 _aCapital en agricultura.
_918710
650 1 4 _aMéxico
_xCondiciones rurales.
830 0 _aSociología y política
_9108249
901 _aBK
942 _cFOLL
949 _aFolleto 11012
_bBC
_cFOLL
_d-116161
_eTS1
_i52053
_mD
_si
949 _aFolleto 11012
_bBC
_cFOLL
_d-116163
_eTS2
_fc.2
_i52053
_mD
_si
949 _aFolleto 11012
_bBC
_cFOLL
_d-152767
_eTS2
_fc.3
_i52053
_si
999 _c46937
_d46937